Responses for show #5374 - Thursday, January 10, 2008

Contestants

[<< previous game]

Eddie White, a computer programmer from Greensboro, North Carolina

Anna Rodriguez, a critical care nurse from Denver, Colorado

Kristen Welsh, a college professor from Geneva, New York (whose 1-day cash winnings total $24,800)

[next game >>]

Jeopardy! Round responses

WORLD GEOGRAPHY
NBA RETIRED JERSEYS
BOARD GAME HISTORY
HOW I LOOK DURING MY SUMMER VACATIONS
"L"ITERATURE
POTPOURRI
    $200 4
Queen Victoria

Kristen
    $200 16
Magic Johnson

Kristen
    $200 21
Risk

Eddie
    $200 1
dreadlocks

Eddie
    $200 9
Lady Chatterley's Lover

Kristen
    $200 14
surfing

Kristen
    $400 5
Brazil

Anna
    $400 17
Julius Erving

Eddie
    $400 22
Scrabble

Kristen
    $400 2
beehive

Kristen
    $400 10
(Kristen: What is a litany?)

lament

Kristen
Triple Stumper
    $400 15
float

Kristen
    $1,000 6
(Anna: ...I don't know. [buzzer]
Alex: They're both called by the same name, one's in Spain, one in the United States... [*].)

Toledo

Anna
    $600 18
Larry Bird

Kristen
    $600 23
Yahtzee

Anna
    $600 3
(Anna: ...World Geography for $200.
Alex: Thank you!)

fu manchu

Anna
    $600 11
Abraham Lincoln

Eddie
    $600 24
cab

Kristen
    $800 7
Kenya

Anna
    $800 19
Patrick Ewing

Triple Stumper
    $800 27
Monopoly

Anna
    $800 29
(Alex: Right, and now I know you're eager to see me in the last one, so let's do it...)

cornrows

Kristen
    $800 12
Laertes

Kristen
    $800 25
(Kristen: What is... a vest?)

jumper

KristenEddie
    $1000 8
the Grand Canal

Triple Stumper
    $1000 20
(Eddie: Who is Isiah Thomas?)

Reggie Miller

Eddie
Triple Stumper
    $1000 28
Snakes & Ladders

Eddie
    $1000 30
(Alex: [*]! Yes! The many faces of Alex... I don't think we shall see them again in our time... at least I hope not.)

handlebar

Kristen
    $1000 13
Laura

Kristen
    $1000 26
Lake Ontario

Kristen

Scores at the first commercial break (after clue 15):

Kristen Anna Eddie
$2,800 $800 $800

Scores at the end of the Jeopardy! Round:

Kristen Anna Eddie
$6,600 $2,200 $2,200

Double Jeopardy! Round responses

SCIENCE
(Alex: ...that's a good subject.)
THE FABULOUS FIFTIES
AN ART "C" CATEGORY
FORWARDS & BACKWARDS
(Alex: Each response will be two words. One is exactly the reverse of the other. Keep that in mind.)
MEAT ME
IN ST. LOUIS
    $400 7
gravity

Anna
    $400 1
Jackie Kennedy

Kristen
    $400 6
caricature

Anna
    $400 16
pal and lap

Anna
    $400 21
shish kebab

Anna
    $400 26
the (Gateway) Arch

Anna
    $800 8
starch

Kristen
    $800 2
The Lion, the Witch, and the Wardrobe

Kristen
    $800 9
collage

Kristen
    $800 17
stun and nuts

Anna
    $800 22
lamb

Kristen
    $800 27
the Olympic Games

Anna
    $1200 13
(Kristen: What is survival of the fittest?)
(Eddie: What is evolution?)

natural selection

KristenEddie
Triple Stumper
    $1200 3
Sherlock Holmes

Kristen
    $1200 10
the color field

Triple Stumper
    $1200 18
lived and devil

Kristen
    $1200 23
meatballs

Eddie
    $1200 28
the Louisiana Purchase

Anna
    $1600 14
(Kristen: What are ions?)

protons

Kristen
Triple Stumper
    $1600 4
Anthony Perkins

Eddie
    $2,000 11
(Kristen: What is Venice?)
(Alex: Oh, no. What's the category?)
(Kristen: Oh, "C". Yeah.)

Carrara

Kristen
    $1600 19
drab and bard

Kristen
    $1600 24
pemmican

Anna
    $1600 29
Union Station

Triple Stumper
    $2000 15
the lithosphere

Anna
    $2000 5
the Andrea Doria

Kristen
    $2000 12
chiaroscuro

Eddie
    $2000 20
lager and regal

Anna
    $2000 25
(Kristen: What is B.B.Q.? Barbecue?) [Originally ruled incorrect.]
...
(Anna: What is juice?)
[Incorrect, but ignored after Kristen's response was later accepted.]

the mop (BBQ accepted)

Kristen
    $1,200 30
(Alex: And guess what Anna? The last clue is yours, because it's the other Daily Double. And Anna, before I ask you to make your wager, we have some scoring changes to announce...)

an aviary

Anna

Scores at the end of the Double Jeopardy! Round:

Kristen Anna Eddie
$13,400 $13,800 $5,800

[wagering suggestions for these scores]

Final Jeopardy! Round responses

"C"INEMA
EddieWhat is Casablanca?
$5,800
KristenWhat are Casablance & ?? Love you Jeff?
$13,400
AnnaWhat is Chicago?
$13,001
Casablanca & Chicago

Final scores:

Kristen Anna Eddie
$0 $799 $0
2nd place: $2,000 New champion: $799 3rd place: $1,000

Game dynamics:

Coryat scores:

Kristen Anna Eddie
$15,400 $15,600 $5,800
24 R,
5 W
(including 1 DD)
17 R
(including 1 DD),
1 W
(including 1 DD)
9 R,
2 W

Combined Coryat: $36,800

The J! Archive is created by fans, for fans. The Jeopardy! game show and all elements thereof, including but not limited to copyright and trademark thereto, are the property of Jeopardy Productions, Inc. and are protected under law. This website is not affiliated with, sponsored by, or operated by Jeopardy Productions, Inc. Join the discussion at JBoard.tv.